Výběr regulatorních novinek za první čtvrtletí roku 2024
Úvod roka sa v európskom regulatórnom prostredí dosť nesie v znamení finalizácie detailných vykonávacích predpisov k nariadeniam DORA (digitálna odolnosť vo finančnom sektore) a MiCA (trh s kryptoaktívami). Taktiež vyšla nová celoúniová úprava okamžitých platieb v eurách, ktorá sa od roku 2027 bude...
Salvato in:
| Autore principale: | |
|---|---|
| Natura: | Capitolo di libro |
| Lingua: | ceco |
| Soggetti: | |
| Tags: |
Nessun Tag, puoi essere il primo ad aggiungerne!!
|
MARC
| LEADER | 00000naa a2200000 4500 | ||
|---|---|---|---|
| 001 | 0300276 | ||
| 005 | 20241022132004.3 | ||
| 041 | 0 | |a cze | |
| 044 | |a CZ | ||
| 245 | 1 | 0 | |a Výběr regulatorních novinek za první čtvrtletí roku 2024 |c Tomáš Rýdl |
| 520 | |a Úvod roka sa v európskom regulatórnom prostredí dosť nesie v znamení finalizácie detailných vykonávacích predpisov k nariadeniam DORA (digitálna odolnosť vo finančnom sektore) a MiCA (trh s kryptoaktívami). Taktiež vyšla nová celoúniová úprava okamžitých platieb v eurách, ktorá sa od roku 2027 bude vzťahovať aj na české banky. Kybernetická bezpečnosť a digitalizácia. AML a medzinárodné sankcie. Obozretnostná regulácia, ochrana spotrebiteľa, platobný styk, kapitálové trhy a ESG. | ||
| 610 | 2 | 0 | |a banky |
| 610 | 2 | 0 | |a regulácia finančná |
| 610 | 2 | 0 | |a sektor finančný |
| 610 | 2 | 0 | |a trh kapitálový |
| 610 | 2 | 0 | |a udržateľnosť |
| 610 | 2 | 0 | |a bezpečnosť kybernetická |
| 610 | 2 | 0 | |a digitalizácia |
| 610 | 2 | 0 | |a styk platobný |
| 610 | 2 | 0 | |a platby okamžité |
| 610 | 2 | 0 | |a ESG |
| 610 | 2 | 0 | |a predpisy |
| 610 | 2 | 0 | |a Európska únia |
| 100 | 1 | |a Rýdl, Tomáš | |